Tilastot visalle Yleistieto #52

Klikkaa tästä pelataksesi tätä visaa!

Yleistilastot

  • Tätä visaa on pelattu 108 kertaa
  • Keskiarvotulos 7 / 15

Vastaustilastot

VinkkiVastaus% Oikein
Minkäniminen on kirkkoa vastaava rakennus islaminuskossa?Moskeija
71%
Mistä kaupungista Vladimir Putin on kotoisin?Pietarista
71%
Minkä maan alkuperäisväestö on maoreita?Uuden Seelannin
67%
Kenen hitti on "I Kissed a Girl"?Katy Perryn
67%
Kenellä Baywatch-tähdellä on suomalaiset sukujuuret?Pamela Andersonilla
60%
Mikä on Libanonin pääkaupunki?Beirut
51%
Mikä on Aasian suurin aavikko?Gobin -aavikko
47%
Missä Yhdysvaltojen osavaltiossa on New Orleans?Louisianassa
45%
Mikä on Ranskan suurin saari?Korsika
40%
Kuka on Suomen kansallispyhimys?Piispa Henrik
37%
Kuka oli Saksan liittokansleri 1982-1998?Helmut Kohl
37%
Mikä on Haitin pääkaupunki?Port au Prince
37%
Kuka sävelsi oopperan 'Don Giovanni'?Wolfgang Amadeus Mozart
27%
Kuka on suunnitellut Bilbaon Guggenheim-museon?Frank Gehry
8%
Missä maassa on Turkana-järvi?Keniassa
7%

Tulosjakauma

Persentiili vastausten määrän mukaan

Jokaisen tuloksen saaneiden osuus

Tuloshistoriasi

Et ole pelannut tätä visaa